Statistiques concernant Jeu vidéo par lettre - D

Cliquez ici pour prendre le quiz!

Statistiques générales

  • Ce quiz a été pris 494 fois
    (383 depuis la dernière actualisation)
  • Le résultat moyen est 12 sur 20

Statistiques - réponses

IndicesRéponses% Correct
Console portable la plus vendue à ce jour (152 millions d'exemplaires)Nintendo {DS}
96%
Personnage incarné dans le jeu de plates-formes Deep Duck sorti sur Master System et Game GearDonald Duck
92%
Version sœur du jeu Pokémon PerlePokémon {Diamant}
89%
Princesse de Sarasaland, meilleure amie de la Princesse Peach et proie de TatangaDaisy
88%
Acolyte acrobate de Donkey KongDiddy Kong
88%
Créatures ressemblant aux Pokémon créés par Bandai dans le but de les concurrencerDigimon
88%
Considéré comme ayant à lui seul popularisé le FPS, il fut aussi critiqué pour sa violence; ____ Eternal en est la suite la plus récenteDoom
88%
Série de hack 'n' slash de Blizzard initiée en 1997 ayant pour certains révolutionné le RPGDiablo
64%
Roi autoproclamé de cette contrée, entretenant des relations particulières avec la petite boule roseDadidou
63%
Série emblématique du beat'em all 8 et 16 bits, mettant en scène Billy et JimmyDouble Dragon
63%
Jeu de tir au pigeon aux graphismes enfantins et au chien moqueur sorti sur NES en 1984Duck Hunt
62%
Dernière console de salon commercialisée par Sega, en 1998Dreamcast
61%
Série mythique du jeu vidéo, devançant Final Fantaisy en terme de ventes et dont la mascotte officielle est un slimeDragon Quest
56%
Personnage décidant de traverser les Enfers pour retrouver sa dulcinée, portant le prénom de l'auteur florentin dont il s'inspireDante
46%
FSP développé sur près de 15 ans, connu pour sa vulgarité, inhérente à son protagonisteDuke Nukem Forever
46%
Île sur laquelle Mario atterrit dans le jeu Super Mario SunshineÎle {Delfino}
45%
Pays de la planète Pop dans lequel vivent le jeune Kirby et ses nombreux amisDreamland
39%
Jeu de plates-formes sur NES et Game Boy dans lequel le joueur incarne le canard le plus riche du mondeDuck Tales
32%
Y est incarné un personnage maudit par la Marque Sombre et évoluant à LordranDark Souls
18%
Sous genre du RPG dans lequel les personnages avancent dans des donjons générés aléatoirementDonjon mystère
4%

Distribution des résultats

Percentile par nombre de réponses

% des personnes avec chaque résultat

Votre développement - résultats

Vous n’avez pas pris ce quiz depuis la dernière actualisation